000 01042nam a22002537a 4500
999 _c65860
_d65860
005 20240530110846.0
008 201021s2020 ua ak f b 000 0 ara d
017 _a23037
_bمصر. دار الكتب
020 _a9789773145378
040 _aEG-CaGPL
_cEG-CaGPL
082 0 4 _221
_a305.42/
_bق/إ ن
100 0 _aايمان صلاح عطاطة
245 1 0 _aنساء العامة فى مصر خلال العصر المملوكى :
_b648 - 923 هـ / 1250 - 1517 م /
_cايمان صلاح عطاطة
250 _aط.1
260 _aالقاهرة :
_bمكتبة زهراء الشرق ،
_c2020.
300 _a719 ص. :
_bايض ؛
_c24 سم.
504 _aيشتمل على ارجاعات ببليوجرافية
650 0 7 _2qrmak
_aالمرأة فى الحياة العامة
_xتاريخ
_zمصر
_yالعصر المملوكى
650 0 7 _2qrmak
_aالمرأة المصرية
650 0 7 _2qrmak
_aالمرأة
_xاحوال اجتماعية
651 _2qrmak
942 _2ddc
_cBK